Základné údaje o kriminalite v Slovenskej republike za rok 1991

Guardado en:
Detalles Bibliográficos
Formato: Libro
Lenguaje:eslovaco
Publicado: Bratislava Slovenský štatistický úrad 1992
Materias:
Etiquetas: Agregar Etiqueta
Sin Etiquetas, Sea el primero en etiquetar este registro!

MARC

LEADER 00000nam a2200000 4500
001 c003333
005 20260220084949.7
041 0 |a slo 
044 |a SK 
245 1 0 |a Základné údaje o kriminalite v Slovenskej republike za rok 1991 
264 1 |a Bratislava  |b Slovenský štatistický úrad  |c 1992 
300 |a 14 s. 
610 2 0 |a Slovensko 
610 2 0 |a kriminalita